[Event "Khanty-Mansiysk HMAO-ch"]
[Site "Khanty-Mansiysk"]
[Date "2008.01.30"]
[Round "9"]
[White "Dorovikova, Ekaterina"]
[Black "Vorobiov, Nikolai"]
[Result "1-0"]
[WhiteElo "1496"]
[BlackElo "2082"]
[PlyCount "73"]
[EventDate "2008.01.25"]
[EventType "swiss"]
[EventRounds "9"]
[EventCountry "RUS"]
[SourceTitle "EXT 2009"]
[Source "ChessBase"]
[SourceDate "2008.11.26"]
[SourceVersion "1"]
[SourceVersionDate "2008.11.26"]
[SourceQuality "1"]

1. e4 d5 2. exd5 Nf6 3. d4 Nxd5 4. Nf3 Nc6 5. Be2 Bf5 6. a3 e6 7. 0-0 Bd6 8. c4 Nf4 9. Bxf4 Bxf4 10. d5 exd5 11. cxd5 Ne7 12. Qa4+ c6 13. dxc6 Bxh2+ 14. Nxh2 bxc6 15. Bf3 Qc7 16. Nd2 0-0 17. Ne4 Rab8 18. Ng3 Bd7 19. b4 c5 20. Qc2 c4 21. Rac1 Be6 22. Rfe1 Rbc8 23. Bg4 Qb6 24. Bxe6 fxe6 25. Nf3 Nf5 26. Nxf5 Rxf5 27. Qe2 c3 28. Qxe6+ Qxe6 29. Rxe6 Rd5 30. Re3 c2 31. Kf1 a5 32. Re2 axb4 33. axb4 Rd1+ 34. Re1 Rd3 35. Ke2 Rb3 36. Kd2 Rxb4 37. Rxc2 1-0

[Event "Khanty-Mansiysk HMAO-ch"]
[Site "Khanty-Mansiysk"]
[Date "2008.01.29"]
[Round "7"]
[White "Dorovikova, Ekaterina"]
[Black "Sharafutdinov, Ayrat"]
[Result "0-1"]
[WhiteElo "1496"]
[BlackElo "2149"]
[PlyCount "76"]
[EventDate "2008.01.25"]
[EventType "swiss"]
[EventRounds "9"]
[EventCountry "RUS"]
[SourceTitle "EXT 2009"]
[Source "ChessBase"]
[SourceDate "2008.11.26"]
[SourceVersion "1"]
[SourceVersionDate "2008.11.26"]
[SourceQuality "1"]

1. e4 c5 2. Nf3 g6 3. d4 Bg7 4. Be3 cxd4 5. Nxd4 Nc6 6. Nc3 Nf6 7. Be2 0-0 8. Qd2 d5 9. exd5 Nxd5 10. Nxd5 Qxd5 11. Bf3 Qd7 12. 0-0-0 Nxd4 13. Bxd4 e5 14. Bc3 Qa4 15. Kb1 Bf5 16. b3 Qb5 17. Qd5 Qxd5 18. Bxd5 Rac8 19. Kb2 b5 20. Rd2 Rfd8 21. Rhd1 Rd7 22. Ba5 Bh6 23. Rd3 Bxd3 24. Rxd3 Bf8 25. a3 Bc5 26. f3 Bd4+ 27. c3 Rxd5 28. cxd4 Rxd4 29. Re3 f6 30. Bc3 Rd5 31. g4 g5 32. Be1 Kf7 33. Ba5 Ke6 34. Bc3 a6 35. Bb4 Rd1 36. Re2 Rd3 37. Rf2 h5 38. h3 Rh8 0-1

[Event "Khanty-Mansiysk Governor Cup"]
[Site "Khanty-Mansiysk"]
[Date "2007.11.21"]
[Round "1"]
[White "Dorovikova, Ekaterina"]
[Black "Tolstikh, Nikolay"]
[Result "0-1"]
[WhiteElo "1487"]
[BlackElo "2398"]
[PlyCount "58"]
[EventDate "2007.11.21"]
[EventType "swiss"]
[EventRounds "9"]
[EventCountry "RUS"]
[SourceTitle "CBM 121 Extra"]
[Source "ChessBase"]
[SourceDate "2008.01.10"]
[SourceVersion "1"]
[SourceVersionDate "2008.01.10"]
[SourceQuality "1"]

1. e4 c5 2. Nf3 Nc6 3. d4 cxd4 4. Nxd4 g6 5. Nc3 Bg7 6. Be3 Nf6 7. Nxc6 bxc6 8. Be2 d5 9. Bf3 Bb7 10. 0-0 0-0 11. exd5 cxd5 12. Bd4 e6 13. Re1 Nd7 14. Bxg7 Kxg7 15. Qd3 Nb6 16. Rad1 Qf6 17. Qd4 Rfc8 18. Qxf6+ Kxf6 19. Rd4 Rc5 20. Bd1 Rc4 21. Rd3 Rc5 22. Rh3 h5 23. Rd3 Bc6 24. a3 Be8 25. Be2 Ke7 26. Rg3 d4 27. Nd1 Rxc2 28. Kf1 Kf8 29. Rd3 e5 0-1